Normal view
MARC view
Entry Personal Name
001 - CONTROL NUMBER
- control field: 1115246
003 - CONTROL NUMBER IDENTIFIER
- control field: OSt
005 - DATE AND TIME OF LATEST TRANSACTION
- control field: 20260211150207.0
008 - FIXED-LENGTH DATA ELEMENTS
- fixed length control field: 260211|| aca||aabn | a|a d
040 ## - CATALOGING SOURCE
- Original cataloging agency: OSt
- Transcribing agency: OSt
100 ## - HEADING--PERSONAL NAME
- Personal name: Mohammad Abbas
670 ## - SOURCE DATA FOUND
- Source citation: Work cat.: (OSt)1679335: Mohammad Abbas, Mitr Shah Baalu, 2024
